drapeaux des subdivisions de Russie - Statistiques

Statistiques générales
  • Ce quiz a été pris 73 fois
    25 depuis la dernière actualisation
  • Le résultat moyen est 19 sur 89
Statistiques - réponses
Par images Réponse % Correct
Tchétchénie
75%
Crimée
69%
Donetsk
63%
Ossétie-du-Nord-Alanie
63%
Ingouchie
50%
Daghestan
44%
Moscou
44%
Adyguée
38%
Carélie
38%
Mordovie
38%
Oblast autonome juif
38%
Kabardino-Balkarie
31%
Lougansk
31%
Moscou
31%
Oudmourtie
31%
Sakha
31%
Tatarstan
31%
Tchouvachie
31%
Touva
31%
Altaï
25%
Bachkirie
25%
Bouriatie
25%
Irkoutsk
25%
Kaliningrad
25%
Kamtchatka
25%
Saint-Pétersbourg
25%
Sakhaline
25%
Tchoukotka
25%
Toula
25%
Kalmoukie
19%
Karatchaïévo-Tcherkessie
19%
Khakassie
19%
Kirov
19%
Krasnodar
19%
Léningrad
19%
Lipetsk
19%
Magadan
19%
Maris-El
19%
Mourmansk
19%
Orel
19%
Riazan
19%
Samara
19%
Sébastopol
19%
Tambov
19%
Tver
19%
Volgograd
19%
Altaï
13%
Amour
13%
Astrakhan
13%
Belgorod
13%
Briansk
13%
Iamalie
13%
Iaroslavl
13%
Ivanovo
13%
Khantys-Mansis
13%
Komis
13%
Kourgan
13%
Koursk
13%
Nénétsie
13%
Nijni Novgorod
13%
Novgorod
13%
Novossibirsk
13%
Omsk
13%
Orenbourg
13%
Oulianovsk
13%
Penza
13%
Perm
13%
Primorie
13%
Pskov
13%
Rostov
13%
Saratov
13%
Smolensk
13%
Stavropol
13%
Sverdlovsk
13%
Tcheliabinsk
13%
Tomsk
13%
Transbaïkalie
13%
Vladimir
13%
Vologda
13%
Voronej
13%
Arkhangelsk
6%
Kalouga
6%
Kemerovo
6%
Khabarovsk
6%
Kherson
6%
Kostroma
6%
Krasnoïarsk
6%
Tioumen
6%
Zaporijia
6%
Aucun quiz correspondant
Distribution des résultats
% des personnes avec chaque résultat
Percentile par nombre de réponses
Votre historique - résultats
Vous n’avez pas pris ce quiz depuis la dernière actualisation